| 000 | 00951cam a2200265 a 4500 | ||
|---|---|---|---|
| 999 |
_c332192 _d332192 |
||
| 001 | 12871708 | ||
| 003 | NUST | ||
| 005 | 20171117104454.0 | ||
| 008 | 020726s2002 ilua b 001 0 eng | ||
| 010 | _a 2002284922 | ||
| 020 | _a1577662180 | ||
| 040 |
_aDLC _cDLC _dDLC |
||
| 050 | 0 | 0 |
_aTD883 _b.C585 2002 |
| 082 | 0 | 0 |
_a628.5 COO _221 |
| 100 | 1 |
_aCooper, C. David. _96488 |
|
| 245 | 1 | 0 |
_aAir pollution control : _ba design approach / _cC. David Cooper, F.C. Alley. |
| 250 | _a3rd ed. | ||
| 260 |
_aProspect Heights, Ill. : _bWaveland Press, _cc2002. |
||
| 300 |
_axx, 738 p. : _bill. ; _c24 cm. |
||
| 500 | _aPhotoCopy | ||
| 504 | _aIncludes bibliographical references and index. | ||
| 650 | 0 |
_aAir _xPollution. _92261 |
|
| 650 | 0 |
_aAir _xPurification _xEquipment and supplies. _96489 |
|
| 700 | 1 |
_aAlley, F. C. _96490 |
|
| 906 |
_a7 _bcbc _corigcop _d2 _encip _f20 _gy-gencatlg |
||
| 942 |
_2ddc _cBK _kIESE |
||